<?xml version="1.0" encoding="UTF-8"?><?xml-stylesheet type="text/xsl" href="static/style.xsl"?><OAI-PMH xmlns="http://www.openarchives.org/OAI/2.0/" xmlns:xsi="http://www.w3.org/2001/XMLSchema-instance" xsi:schemaLocation="http://www.openarchives.org/OAI/2.0/ http://www.openarchives.org/OAI/2.0/OAI-PMH.xsd"><responseDate>2026-06-07T07:12:53Z</responseDate><request verb="GetRecord" identifier="oai:riuma.uma.es:10630/18706" metadataPrefix="marc">https://riuma.uma.es/rest/oai/request</request><GetRecord><record><header><identifier>oai:riuma.uma.es:10630/18706</identifier><datestamp>2026-02-03T12:39:23Z</datestamp><setSpec>com_10630_2254</setSpec><setSpec>col_10630_37957</setSpec></header><metadata><record xmlns="http://www.loc.gov/MARC21/slim" xmlns:dcterms="http://purl.org/dc/terms/" xmlns:doc="http://www.lyncode.com/xoai" xmlns:xsi="http://www.w3.org/2001/XMLSchema-instance" xsi:schemaLocation="http://www.loc.gov/MARC21/slim http://www.loc.gov/standards/marcxml/schema/MARC21slim.xsd">
   <leader>00925njm 22002777a 4500</leader>
   <datafield ind2=" " ind1=" " tag="042">
      <subfield code="a">dc</subfield>
   </datafield>
   <datafield ind2=" " ind1=" " tag="720">
      <subfield code="a">Fernández-Inglés, María Soledad</subfield>
      <subfield code="e">author</subfield>
   </datafield>
   <datafield ind2=" " ind1=" " tag="260">
      <subfield code="c">2019-11</subfield>
   </datafield>
   <datafield ind2=" " ind1=" " tag="520">
      <subfield code="a">La educación artística no cuenta en apariencia con aspectos vinculantes que trabajen el patrimonio cultural y los estudios sobre la paz contemporáneamente. Si el conocimiento del patrimonio ayuda a interpretar el presente con la producción artística y los objetos del pasado, y a través de la educación artística puede vertebrarse la construcción y el desarrollo de la cultura de paz, ¿de qué forma la colaboración entre el museo y la escuela facilita la asunción de valores identitarios propios y conduce a la comprensión, tolerancia y respeto de otras culturas poniendo las bases de los aspectos y actitudes que conducen a la paz? &#xd;
El uso de la educación artística en la construcción y desarrollo de la cultura de paz debe encontrar en la escuela y en el museo sus más altos exponentes, al ser ambos promotores de una actividad reflexiva e interpretativa; una desde la práctica artística y otra desde la aportación e interpretación de objetos culturales, en coherencia a su definición. De ahí la consideración del museo como instrumento para el trabajo colaborativo. &#xd;
Siendo así, el objeto de estudio de este trabajo es el museo y los mecanismos utilizados por este y la escuela en un trabajo colaborativo centrado en la enseñanza-aprendizaje del hecho artístico, las claves relacionales con la educación al patrimonio y su respuesta en los valores que construyen la cultura de paz. Para ello me centro en las propuestas del docente y del educador museal -y su posterior desarrollo por parte del alumnado de Secundaria- en dos contextos diferentes como son Málaga y Florencia.</subfield>
   </datafield>
   <datafield ind1="8" ind2=" " tag="024">
      <subfield code="a">https://hdl.handle.net/10630/18706</subfield>
   </datafield>
   <datafield tag="653" ind2=" " ind1=" ">
      <subfield code="a">Educación artística - Tesis doctorales</subfield>
   </datafield>
   <datafield tag="653" ind2=" " ind1=" ">
      <subfield code="a">Museos - Tesis doctorales</subfield>
   </datafield>
   <datafield ind2="0" ind1="0" tag="245">
      <subfield code="a">El Museo como instrumento para el trabajo colaborativo. Uso de la Educación artística en la construcción y desarrollo de la Cultura de paz</subfield>
   </datafield>
</record>
</metadata></record></GetRecord></OAI-PMH>